Представление документа в формате MARC21

Поле Инд. ПП Название Значение
Тип записи a
Библиографический уровень m
001 Контрольный номер 2f337b3e60434eb0823ebf997ac3a95c
005 Дата корректировки 20260601115905.0
020 a ISBN 978-5-534-15830-4
040 b Код языка каталог. rus
e Правила каталог. PSBO
041 0_ a Код языка текста rus
080 a Индекс УДК 336.145.2(075.8)
097 b Оператор *Ж*
097 b Оператор *Мал*
100 1_ a Автор Кадырова Г.М.
245 10 a Заглавие Управление государственными и муниципальными закупками
b Продолж. заглавия учебник для среднего профессионального образования
b Продолж. заглавия в составе учебно-методического комплекса
c Ответственность под редакцией С.Е. Прокофьева
250 a Основные сведения об издании 3-е изд., доп. и перераб.
260 a Место издания Москва
b Издательство Юрайт
c Дата издания 2026
300 a Объем 392 с.
440 _0 a Серия Профессиональное образование
440 _0 a Серия УМК-У
516 8_ a Прим. о типе комп. файла/ данных Текст : электронный
a Прим. о типе комп. файла/ данных Режим доступа: по подписке
a Прим. о типе комп. файла/ данных Дата обращения: 01.06.2023
a Прим. о типе комп. файла/ данных Дата обращения 22.01.2026
520 0_ a Аннотация Предлагаемый курс обобщает правовую и методическую информацию, которая необходима для эффективного управления государственными и муниципальными закупками и контрактами. В курсе рассматриваются вопросы организации закупок товаров, работ и услуг для обеспечения государственных и муниципальных нужд: планирование закупок, осуществление закупок, вопросы заключения и исполнения контрактов на поставку товаров, работ и услуг. Отдельное внимание уделено особенностям закупок государственными структурами в соответствии с Федеральным законом от 18.07.2011 № 223-ФЗ «О закупках товаров, работ, услуг отдельными видами юридических лиц». Соответствует актуальным требованиям федерального государственного образовательного стандарта высшего образования. Предназначен для студентов, обучающихся по направлениям подготовки «Государственное и муниципальное управление», «Юриспруденция», «Экономика», «Менеджмент», слушателей курсов повышения квалификации и программ профессиональной переподготовки. Курс может быть полезен практикующим работникам, в профессиональные обязанности которых входит участие в государственных и муниципальных закупках.
535 1_ a Хранилище Образовательная платформа Юрайт
583 a Действие Приписка : УМК
653 0_ a Ключевые слова Закупочная деятельность
a Ключевые слова Государственные закупки
a Ключевые слова Муниципальные закупки
a Ключевые слова Контрактная система
a Ключевые слова Цена контракта
a Ключевые слова Определение поставщиков
a Ключевые слова Электронные конкурсы
a Ключевые слова Мониторинг закупок
a Ключевые слова СПО
655 07 a Жанр/ форма (устаревшее) У
700 12 a Другие авторы Еремин С.Г.
700 12 a Другие авторы Галкин А.И.
773 18 w Контрольный № источника 26b64614e0f544fbb25626e1b23bbc6c
856 40 u URL https://urait.ru/bcode/587463
901 t Тип документа m
905 b Дата создания записи обработка 11.03.26
c Дата приписки 01.06.26
952 a Тип литературы для КСУ ВШ У1
b Гриф литературы для ВШ Гриф УМО
e Факультет *ФУСК*
a Тип литературы для КСУ ВШ У1
990 g Размещение заказа (DOS) Образовательная платформа Юрайт
990 c Приоритет заказа (DOS) *о*
f Даты поступлений (DOS) 25.02.26
j Количество экземпляров (DOS) 1
990 c Приоритет заказа (DOS) *о*
h N записи в КСУ для Б/У (DOS) 1000/2026